|
|
|
|
| LEADER |
01106nam a2200253 a 4500 |
| 001 |
4429284 |
| 008 |
100506s1992 bg a b 000 0 eng d |
| 010 |
|
|
|a 93901653
|
| 082 |
0 |
0 |
|a 363.3/4095492
|2 21
|
| 040 |
|
|
|a DLC
|c DLC
|d DLCBD-DhAAL
|
| 245 |
0 |
0 |
|a Cyclone '91 revisited :
|b a follow-up study /
|c edited by Raana Haider.
|
| 260 |
|
|
|a Dhaka :
|b Bangladesh Centre for Advanced Studies,
|c 1992.
|
| 300 |
|
|
|a 144 p. :
|b ill. (some col.) ;
|c 25 cm.
|
| 500 |
|
|
|a Cover title.
|
| 504 |
|
|
|a "Annotated bibliography": p. 135-143.
|
| 541 |
1 |
|
|e 00014750
|
| 650 |
|
0 |
|a Cyclones
|z Bangladesh
|x History.
|
| 650 |
|
0 |
|a Cyclones
|z Tropics
|x History.
|
| 710 |
2 |
|
|a Bangladesh Centre for Advanced Studies.
|
| 700 |
1 |
|
|a Haider, Raana.
|
| 852 |
4 |
|
|a Ayesha Abed Library
|j General shelf
|
| 999 |
|
|
|c 8431
|d 8431
|
| 952 |
|
|
|0 0
|1 0
|2 ddc
|4 0
|6 363_340954920000000_CYC_1992
|7 0
|9 9895
|a BRACUL
|b BRACUL
|c GEN
|d 2010-05-06
|l 0
|o 363.34095492 CYC
|p 3010014750
|r 2010-05-06
|t 1
|w 2010-05-06
|y BK
|
| 952 |
|
|
|0 0
|1 0
|2 ddc
|4 0
|6 363_340954920000000_CYC_1992
|7 0
|9 9897
|a BRACUL
|b BRACUL
|c GEN
|d 2010-05-06
|l 0
|o 363.34095492 CYC
|p 3010008299
|r 2010-05-06
|t 2
|w 2010-05-06
|y BK
|